[Event "Deutsche Ländermeisterschaft 2015"]
[Site "Hannover GER"]
[Date "2015.10.07"]
[Round "7"]
[White "Gretz, Denis"]
[Black "Kramer, Julian"]
[Result "1/2-1/2"]
[Termination "normal"]
[Board "1.2"]
[BlackTitle "FM"]
[WhiteElo "2129"]
[BlackElo "2323"]
[WhiteClock "00:11:41"]
[BlackClock "00:08:18"]
[WhiteTeam "Bayern"]
[BlackTeam "Hamburg"]
[PlyCount "79"]
[WhiteFideId "12945188"]
[BlackFideId "12921742"]
[EventCountry "GER"]
[EventRounds "7"]
[EventType "team-swiss"]
[EventDate "2015.10.02"]

1. e4 c5 2. Nf3 d6 3. d4 cxd4 4. Qxd4 Bd7 5. c4 Nc6 6. Qd2 Nf6 7. Nc3 g6 8. b3
Bg7 9. Bb2 O-O 10. Be2 Qa5 11. Rb1 Bg4 12. O-O Rac8 13. Rfe1 Rfe8 14. a3 Qh5
15. h3 Bxf3 16. Bxf3 Qh4 17. Nd5 Nxd5 18. exd5 Ne5 19. Bxe5 Bxe5 20. Re4 Qf6
21. b4 Qg7 22. Rc1 b6 23. Bd1 Rc7 24. Ba4 Rec8 25. Bc6 Bf6 26. Rc2 e5 27. Re1
Be7 28. a4 f5 29. a5 bxa5 30. bxa5 e4 31. Rb2 Bf6 32. Rb3 Bd4 33. Reb1 h6 34.
Rb8 Rxb8 35. Rxb8+ Kh7 36. Qb4 Bc5 37. Qb2 Bd4 38. Qb4 Bc5 39. Qb2 Bd4 40. Qb4
1/2-1/2

[Event "Deutsche Ländermeisterschaft 2015"]
[Site "Hannover GER"]
[Date "2015.10.07"]
[Round "7"]
[White "Pfreundt, Jakob"]
[Black "Hess, Max"]
[Result "1/2-1/2"]
[Termination "normal"]
[Board "1.3"]
[WhiteElo "2274"]
[BlackElo "2221"]
[WhiteClock "00:22:14"]
[BlackClock "00:52:58"]
[WhiteTeam "Hamburg"]
[BlackTeam "Bayern"]
[PlyCount "40"]
[WhiteFideId "12918156"]
[BlackFideId "24656666"]
[EventCountry "GER"]
[EventRounds "7"]
[EventType "team-swiss"]
[EventDate "2015.10.02"]

1. Nf3 Nf6 2. d4 g6 3. Bg5 Bg7 4. Nbd2 O-O 5. c3 c5 6. dxc5 Na6 7. Nb3 Qc7 8.
Nfd2 Nxc5 9. Nxc5 Qxc5 10. Bxf6 Bxf6 11. Ne4 Qb6 12. Nxf6+ Qxf6 13. e3 d6 14.
Be2 Bd7 15. Bf3 Bc6 16. Bxc6 bxc6 17. O-O Rfb8 18. Rb1 Qe5 19. Qd4 Rb5 20. Qa4
Qc5 1/2-1/2

[Event "Deutsche Ländermeisterschaft 2015"]
[Site "Hannover GER"]
[Date "2015.10.07"]
[Round "7"]
[White "Tong, Kevin"]
[Black "Engel, Luis"]
[Result "0-1"]
[Termination "normal"]
[Board "1.4"]
[WhiteElo "2021"]
[BlackElo "2166"]
[WhiteClock "00:22:17"]
[BlackClock "00:25:37"]
[WhiteTeam "Bayern"]
[BlackTeam "Hamburg"]
[PlyCount "94"]
[WhiteFideId "12913944"]
[BlackFideId "12961523"]
[EventCountry "GER"]
[EventRounds "7"]
[EventType "team-swiss"]
[EventDate "2015.10.02"]

1. e4 c5 2. Nf3 d6 3. d4 cxd4 4. Nxd4 Nf6 5. Nc3 Nbd7 6. Be3 a6 7. Be2 e6 8.
O-O Qc7 9. f4 Be7 10. Nb3 b5 11. a3 Bb7 12. Bf3 Rd8 13. Qe2 Nb6 14. Bxb6 Qxb6+
15. Kh1 O-O 16. Rad1 Nd7 17. Rfe1 Bf6 18. Rd3 Qc7 19. Red1 Nb6 20. Nd2 Bc6 21.
e5 dxe5 22. Rxd8 Rxd8 23. Bxc6 Qxc6 24. fxe5 Be7 25. h3 Bxa3 26. bxa3 Qxc3 27.
Ne4 Rxd1+ 28. Qxd1 Qc7 29. Nd6 Nd5 30. Qh5 h6 31. h4 a5 32. Qe2 b4 33. axb4
axb4 34. Qe4 Qc3 35. Nb5 Qd2 36. Nd4 Qf2 37. Nf3 Ne3 38. Qa8+ Kh7 39. Qe4+ g6
40. Ng1 Nxc2 41. h5 Qf5 42. hxg6+ Qxg6 43. Qf3 Ne1 44. Qe2 b3 45. Qb2 Qc2 46.
Qxc2+ bxc2 47. Ne2 Nd3 0-1

[Event "Deutsche Ländermeisterschaft 2015"]
[Site "Hannover GER"]
[Date "2015.10.07"]
[Round "7"]
[White "Rogozenco, Teodora"]
[Black "Schneider, Jana"]
[Result "0-1"]
[Termination "normal"]
[Board "1.5"]
[WhiteElo "2110"]
[BlackElo "2024"]
[WhiteClock "00:05:09"]
[BlackClock "00:08:15"]
[WhiteTeam "Hamburg"]
[BlackTeam "Bayern"]
[PlyCount "76"]
[WhiteFideId "12938084"]
[BlackFideId "12924997"]
[EventCountry "GER"]
[EventRounds "7"]
[EventType "team-swiss"]
[EventDate "2015.10.02"]

1. e4 e5 2. Nf3 Nc6 3. Bb5 a6 4. Ba4 Nf6 5. O-O Be7 6. Re1 b5 7. Bb3 d6 8. h3
O-O 9. c3 Na5 10. Bc2 c5 11. d4 Qc7 12. Nbd2 Be6 13. d5 Bd7 14. Nh4 g6 15. Ndf3
Nh5 16. g4 Ng7 17. Kh2 Nb7 18. Rg1 Kh8 19. Qd2 Rg8 20. Nf5 Qd8 21. Qh6 f6 22.
g5 Nh5 23. gxf6 Bxf6 24. Bg5 Qf8 25. Rg2 Bxf5 26. exf5 Bg7 27. Be7 Bxh6 28.
Bxf8 Raxf8 29. Nh4 Bf4+ 30. Kh1 g5 31. Nf3 h6 32. a4 b4 33. Rag1 Nf6 34. c4 b3
35. Bxb3 Na5 36. Ba2 Rb8 37. Rb1 Rb4 38. b3 Rgb8 0-1

[Event "Deutsche Ländermeisterschaft 2015"]
[Site "Hannover GER"]
[Date "2015.10.07"]
[Round "7"]
[White "Siegl, Melina"]
[Black "Woelk, Tom-Frederic"]
[Result "1-0"]
[Termination "normal"]
[Board "1.6"]
[WhiteElo "1926"]
[BlackElo "1806"]
[WhiteClock "00:26:59"]
[BlackClock "00:08:34"]
[WhiteTeam "Bayern"]
[BlackTeam "Hamburg"]
[PlyCount "59"]
[WhiteFideId "1272126"]
[BlackFideId "12993077"]
[EventCountry "GER"]
[EventRounds "7"]
[EventType "team-swiss"]
[EventDate "2015.10.02"]

1. d4 Nf6 2. Nc3 d5 3. Bg5 Bf5 4. f3 Nbd7 5. Qd2 c6 6. h4 h6 7. Bxf6 exf6 8. e4
dxe4 9. fxe4 Bh7 10. Bd3 Qc7 11. Nge2 Bd6 12. O-O-O O-O 13. g4 Be7 14. Nf4 b5
15. Rdg1 Qa5 16. Kb1 b4 17. Nd1 Rfc8 18. Ne3 c5 19. Nc4 Qd8 20. Nd5 cxd4 21. g5
fxg5 22. Nxe7+ Qxe7 23. hxg5 Ne5 24. Nxe5 Qxe5 25. gxh6 Bg6 26. Rg5 Qe7 27. e5
Rc6 28. hxg7 Kxg7 29. Be4 Rcc8 30. Qg2 1-0

[Event "Deutsche Ländermeisterschaft 2015"]
[Site "Hannover GER"]
[Date "2015.10.07"]
[Round "7"]
[White "Christiansen, Anna"]
[Black "Weller, Uli"]
[Result "1/2-1/2"]
[Termination "normal"]
[Board "1.7"]
[WhiteElo "1467"]
[BlackElo "1921"]
[WhiteClock "00:08:49"]
[BlackClock "00:35:27"]
[WhiteTeam "Hamburg"]
[BlackTeam "Bayern"]
[PlyCount "54"]
[WhiteFideId "12952230"]
[BlackFideId "12971782"]
[EventCountry "GER"]
[EventRounds "7"]
[EventType "team-swiss"]
[EventDate "2015.10.02"]

1. d4 d5 2. Nf3 e6 3. Bf4 f5 4. e3 Nf6 5. h3 Be7 6. Bd3 c6 7. c3 Ne4 8. Nbd2
Nd7 9. Ne5 Ndf6 10. Ndf3 Bd7 11. Qc2 b5 12. b3 Rc8 13. O-O O-O 14. Nxd7 Nxd7
15. Ne5 Nxe5 16. Bxe5 Bd6 17. Bxd6 Qxd6 18. c4 Rf6 19. cxb5 Rg6 20. Bxe4 fxe4
21. Rac1 e5 22. Qc5 Qf6 23. Qxa7 Qf3 24. g3 Rxg3+ 25. fxg3 Qxg3+ 26. Kh1 Qxh3+
27. Kg1 Qg3+ 1/2-1/2

[Event "Deutsche Ländermeisterschaft 2015"]
[Site "Hannover GER"]
[Date "2015.10.07"]
[Round "7"]
[White "Khamenya, Vitalia"]
[Black "Kieckbusch, Lotta"]
[Result "1-0"]
[Termination "normal"]
[Board "1.8"]
[WhiteElo "1565"]
[BlackElo "993"]
[WhiteClock "00:24:04"]
[BlackClock "00:14:53"]
[WhiteTeam "Bayern"]
[BlackTeam "Hamburg"]
[PlyCount "71"]
[WhiteFideId "12959260"]
[BlackFideId "16214390"]
[EventCountry "GER"]
[EventRounds "7"]
[EventType "team-swiss"]
[EventDate "2015.10.02"]

1. d4 Nf6 2. Nf3 b6 3. e3 Bb7 4. Bd3 e6 5. O-O Bd6 6. Nbd2 O-O 7. b3 Re8 8. Ne5
Nc6 9. Bb2 Bf8 10. a3 d6 11. Nxc6 Bxc6 12. f4 d5 13. Rf3 g6 14. Rh3 Bg7 15. g4
Nd7 16. Nf3 Bb7 17. Qe1 Qe7 18. g5 Nf8 19. Rg3 Rac8 20. h4 c5 21. h5 cxd4 22.
exd4 Qd6 23. Ne5 gxh5 24. Rh3 Ng6 25. Qf2 h4 26. Nxg6 fxg6 27. Qxh4 Kf7 28.
Qxh7 Kf8 29. a4 Qd7 30. Ba3+ Re7 31. Kg2 Rb8 32. Rah1 Ke8 33. Qg8+ Bf8 34.
Qxf8+ Kxf8 35. Rh8+ Kg7 36. R1h7# 1-0

[Event "Deutsche Ländermeisterschaft 2015"]
[Site "Hannover GER"]
[Date "2015.10.07"]
[Round "7"]
[White "Carow, Johannes"]
[Black "Richter, Leonard"]
[Result "1/2-1/2"]
[Termination "normal"]
[Board "2.1"]
[WhiteTitle "FM"]
[WhiteElo "2430"]
[BlackElo "2281"]
[WhiteClock "00:11:01"]
[BlackClock "00:21:02"]
[WhiteTeam "Rheinland-Pfalz"]
[BlackTeam "Sachsen"]
[PlyCount "89"]
[WhiteFideId "24692050"]
[BlackFideId "12900290"]
[EventCountry "GER"]
[EventRounds "7"]
[EventType "team-swiss"]
[EventDate "2015.10.02"]

1. d4 Nf6 2. c4 g6 3. Nc3 Bg7 4. e4 d6 5. f3 O-O 6. Be3 Nc6 7. Nge2 a6 8. Qd2
Rb8 9. Rc1 Nd7 10. g3 e5 11. d5 Ne7 12. Bg2 f5 13. O-O Nf6 14. h3 fxe4 15. fxe4
h5 16. c5 Kh7 17. b4 Neg8 18. b5 Bh6 19. bxa6 bxa6 20. Bxh6 Nxh6 21. c6 Kg7 22.
Qe3 Ra8 23. Rb1 Nh7 24. Rxf8 Qxf8 25. a4 Qe7 26. Nd1 h4 27. g4 a5 28. Rb5 Ng5
29. Nf2 Qf6 30. Nc3 Nhf7 31. Nfd1 Nh6 32. Rb2 Bxg4 33. Rf2 Qe7 34. hxg4 Nxg4
35. Qe2 Nxf2 36. Nxf2 Rf8 37. Qg4 Qf6 38. Ncd1 Rf7 39. Kh1 Nf3 40. Nh3 Rf8 41.
Ne3 Kh6 42. Qd7 Qf7 43. Qg4 Qf6 44. Qd7 Qf7 45. Qg4 1/2-1/2

[Event "Deutsche Ländermeisterschaft 2015"]
[Site "Hannover GER"]
[Date "2015.10.07"]
[Round "7"]
[White "Urban, Konstantin"]
[Black "Keymer, Vincent"]
[Result "1/2-1/2"]
[Termination "normal"]
[Board "2.2"]
[WhiteElo "2182"]
[BlackElo "2356"]
[WhiteClock "00:14:40"]
[BlackClock "00:05:44"]
[WhiteTeam "Sachsen"]
[BlackTeam "Rheinland-Pfalz"]
[PlyCount "76"]
[WhiteFideId "12927511"]
[BlackFideId "12940690"]
[EventCountry "GER"]
[EventRounds "7"]
[EventType "team-swiss"]
[EventDate "2015.10.02"]

1. Nf3 d5 2. c4 e6 3. g3 Nf6 4. Bg2 Nbd7 5. O-O c6 6. d4 Be7 7. Qc2 O-O 8. Nbd2
b6 9. b3 Ba6 10. e4 Rc8 11. Rd1 c5 12. exd5 exd5 13. Qf5 g6 14. Qh3 Ne4 15.
Nxe4 dxe4 16. dxc5 exf3 17. Rxd7 Qe8 18. Bxf3 Bf6 19. Rb1 Rxc5 20. Rd1 Bc8 21.
Qg2 Bf5 22. Ba3 Bxb1 23. Bxc5 bxc5 24. Rxb1 Qd8 25. Qf1 Bd4 26. Re1 Qf6 27. Qe2
Rb8 28. Bd5 Rb6 29. Rd1 Kg7 30. Rd3 Qd8 31. Rf3 Rf6 32. Kg2 Rxf3 33. Qxf3 Qe7
34. Qf4 h6 35. h4 h5 36. Qf3 Be5 37. Qe3 Qf6 38. Qf3 Qe7 1/2-1/2

[Event "Deutsche Ländermeisterschaft 2015"]
[Site "Hannover GER"]
[Date "2015.10.07"]
[Round "7"]
[White "Wilhelm, Till"]
[Black "Herbrig, Alexander"]
[Result "1/2-1/2"]
[Termination "normal"]
[Board "2.3"]
[WhiteElo "2209"]
[BlackElo "2017"]
[WhiteClock "00:18:15"]
[BlackClock "00:04:25"]
[WhiteTeam "Rheinland-Pfalz"]
[BlackTeam "Sachsen"]
[PlyCount "118"]
[WhiteFideId "12942391"]
[BlackFideId "12952044"]
[EventCountry "GER"]
[EventRounds "7"]
[EventType "team-swiss"]
[EventDate "2015.10.02"]

1. d4 Nf6 2. Nf3 e6 3. Bg5 h6 4. Bh4 c5 5. c3 d5 6. Nbd2 cxd4 7. cxd4 Be7 8. e3
O-O 9. Bd3 Nc6 10. a3 Re8 11. O-O Nd7 12. Bg3 Bf6 13. Qb3 Qe7 14. Rac1 a6 15.
Bb1 g6 16. Bf4 Kh7 17. h4 Bxh4 18. e4 Bf6 19. exd5 Nxd4 20. Nxd4 Bxd4 21. Nf3
Bg7 22. dxe6 Qxe6 23. Qd1 Nf6 24. Re1 Qd7 25. Qb3 Rxe1+ 26. Rxe1 Qd5 27. Qb6
Be6 28. Ne5 Re8 29. Nd3 Nd7 30. Qc7 Qc6 31. Qxc6 bxc6 32. Ba2 Nb6 33. Bc1 Nd5
34. Bxd5 cxd5 35. Nb4 a5 36. Nxd5 Rb8 37. Nc3 Bxc3 38. bxc3 Rb3 39. Re3 Rb1 40.
Re1 Rb3 41. Re3 Rb1 42. Re1 Ra1 43. f3 Bc4 44. Kh2 Ra2 45. Kg1 Rc2 46. Bf4 Rxc3
47. Rc1 Rxc1+ 48. Bxc1 a4 49. Kf2 g5 50. g3 Kg6 51. f4 g4 52. Be3 Kf5 53. Bb6
Ke4 54. Bd8 Kf5 55. Bc7 h5 56. Bb8 Bd5 57. Bc7 Bc6 58. Bb8 Bd5 59. Bc7 Bc6
1/2-1/2

[Event "Deutsche Ländermeisterschaft 2015"]
[Site "Hannover GER"]
[Date "2015.10.07"]
[Round "7"]
[White "Hofmann, Rares"]
[Black "Muckle, Julius"]
[Result "0-1"]
[Termination "normal"]
[Board "2.4"]
[WhiteElo "2022"]
[BlackElo "2101"]
[WhiteClock "00:29:04"]
[BlackClock "00:31:23"]
[WhiteTeam "Sachsen"]
[BlackTeam "Rheinland-Pfalz"]
[PlyCount "90"]
[WhiteFideId "12976440"]
[BlackFideId "12942430"]
[EventCountry "GER"]
[EventRounds "7"]
[EventType "team-swiss"]
[EventDate "2015.10.02"]

1. e4 e6 2. d4 d5 3. Nd2 c5 4. exd5 exd5 5. Ngf3 Nc6 6. Bb5 Bd6 7. O-O Nge7 8.
c3 O-O 9. dxc5 Bxc5 10. Nb3 Bd6 11. Re1 Bg4 12. Bd3 h6 13. Nbd4 Nxd4 14. cxd4
Nc6 15. h3 Bh5 16. Be3 Rc8 17. Rc1 Qb6 18. Kh1 Ne7 19. a3 Rxc1 20. Qxc1 Bxf3
21. gxf3 Qc6 22. Qd2 Qd7 23. Kg2 Nf5 24. Bxf5 Qxf5 25. Rc1 Re8 26. Qc2 Qh5 27.
Qd3 f5 28. f4 Re6 29. Qd1 Qg6+ 30. Kh2 Re4 31. Qf3 Qg5 32. Rg1 Bxf4+ 33. Kh1
Qh4 34. Bxf4 Qxf4 35. Qg2 g5 36. b4 Rxd4 37. Re1 Rd2 38. Kg1 Kf7 39. Qf1 g4 40.
hxg4 Qxg4+ 41. Qg2 Rd1 42. Rxd1 Qxd1+ 43. Kh2 Qh5+ 44. Kg1 Qg4 45. Qg3 Kg6 0-1

[Event "Deutsche Ländermeisterschaft 2015"]
[Site "Hannover GER"]
[Date "2015.10.07"]
[Round "7"]
[White "Karsay, Pascal"]
[Black "Moses, Selina"]
[Result "1-0"]
[Termination "normal"]
[Board "2.5"]
[WhiteElo "2100"]
[BlackElo "1926"]
[WhiteClock "00:05:59"]
[BlackClock "00:02:52"]
[WhiteTeam "Rheinland-Pfalz"]
[BlackTeam "Sachsen"]
[PlyCount "81"]
[WhiteFideId "12953474"]
[BlackFideId "12908070"]
[EventCountry "GER"]
[EventRounds "7"]
[EventType "team-swiss"]
[EventDate "2015.10.02"]

1. e4 e5 2. Nf3 d5 3. Nxe5 Bd6 4. d4 dxe4 5. Bf4 Qe7 6. Bg3 Nd7 7. Nc4 Bxg3 8.
hxg3 Ngf6 9. Nc3 a6 10. Qd2 b5 11. Ne3 Nb6 12. a3 Be6 13. Be2 Rd8 14. b4 Qd6
15. Rd1 O-O 16. g4 Qf4 17. g3 Qg5 18. Kf1 Rfe8 19. Kg2 Qg6 20. Rh4 h6 21. Rdh1
Nh7 22. Nf5 Bxf5 23. gxf5 Qxf5 24. Rf4 Qe6 25. Rxe4 Qc6 26. Bf3 Rxe4 27. Nxe4
Qd7 28. c3 Nc4 29. Qc1 Qf5 30. Rh5 Qg6 31. Rc5 Re8 32. Qf4 Nd6 33. Re5 f6 34.
Rxe8+ Nxe8 35. Nc5 Qc2 36. Qe4 Qxe4 37. Bxe4 Ng5 38. Bc6 Nd6 39. Nxa6 Ne6 40.
Bd5 Kf7 41. Nxc7 1-0

[Event "Deutsche Ländermeisterschaft 2015"]
[Site "Hannover GER"]
[Date "2015.10.07"]
[Round "7"]
[White "Simon, Tessa"]
[Black "Schwarz, Larissa"]
[Result "0-1"]
[Termination "normal"]
[Board "2.6"]
[WhiteElo "1838"]
[BlackElo "1928"]
[WhiteClock "00:00:47"]
[BlackClock "00:04:46"]
[WhiteTeam "Sachsen"]
[BlackTeam "Rheinland-Pfalz"]
[PlyCount "56"]
[WhiteFideId "12929395"]
[BlackFideId "24699004"]
[EventCountry "GER"]
[EventRounds "7"]
[EventType "team-swiss"]
[EventDate "2015.10.02"]

1. e4 c5 2. Nf3 e6 3. d4 cxd4 4. Nxd4 a6 5. Bd3 Bc5 6. Nb3 Be7 7. O-O Nc6 8.
Nc3 Nf6 9. Qe2 d6 10. Kh1 O-O 11. a3 Qc7 12. f4 b5 13. f5 Bb7 14. Bg5 Rac8 15.
Rf3 Ne5 16. Rg3 exf5 17. exf5 Rfe8 18. Bxf6 Bxf6 19. Ne4 Bxe4 20. Bxe4 d5 21.
Bxd5 Qxc2 22. Qh5 Qxb2 23. Rf1 Rcd8 24. Be4 Nc4 25. Bb1 Ne3 26. Rg1 Qxb3 27.
Qh6 Rd1 28. Qxf6 Rxg1+ 0-1

[Event "Deutsche Ländermeisterschaft 2015"]
[Site "Hannover GER"]
[Date "2015.10.07"]
[Round "7"]
[White "Ley, Sabrina"]
[Black "Nguyen, Alex Dac-Vuong"]
[Result "0-1"]
[Termination "normal"]
[Board "2.7"]
[WhiteElo "1833"]
[BlackElo "1824"]
[WhiteClock "00:30:41"]
[BlackClock "01:34:57"]
[WhiteTeam "Rheinland-Pfalz"]
[BlackTeam "Sachsen"]
[PlyCount "88"]
[WhiteFideId "12938130"]
[BlackFideId "12984388"]
[EventCountry "GER"]
[EventRounds "7"]
[EventType "team-swiss"]
[EventDate "2015.10.02"]

1. e4 e6 2. d4 d5 3. Nc3 Nf6 4. exd5 exd5 5. Bg5 Be7 6. Qd2 c6 7. Bd3 O-O 8.
O-O-O h6 9. Bf4 b5 10. Re1 Be6 11. Nf3 a5 12. Ne5 a4 13. Re3 Nh5 14. Ne2 Nxf4
15. Nxf4 Bg5 16. Rg3 Qf6 17. Rf3 h5 18. h3 b4 19. g4 h4 20. Kb1 c5 21. Re1 c4
22. Bf1 Na6 23. Qe3 Qh6 24. Nc6 Rfe8 25. Qc1 Bxg4 26. hxg4 Qxc6 27. Rxe8+ Rxe8
28. Qd1 Re4 29. Nh3 Bf6 30. Rf4 Qe6 31. Rxe4 Qxe4 32. Be2 b3 33. axb3 axb3 34.
f3 bxc2+ 35. Qxc2 Qxd4 36. Qc1 Nc5 37. g5 Nb3 38. Qc2 Nd2+ 39. Kc1 Bxg5 40.
Nxg5 Nb3+ 41. Kb1 Qg1+ 42. Bd1 Qxg5 43. Qc3 Qg6+ 44. Qc2 Qa6 0-1

[Event "Deutsche Ländermeisterschaft 2015"]
[Site "Hannover GER"]
[Date "2015.10.07"]
[Round "7"]
[White "Nguyen, Phuong Thao Vivien"]
[Black "Kalina, Lena"]
[Result "1-0"]
[Termination "normal"]
[Board "2.8"]
[WhiteElo "1205"]
[BlackElo "1086"]
[WhiteClock "00:56:07"]
[BlackClock "00:52:59"]
[WhiteTeam "Sachsen"]
[BlackTeam "Rheinland-Pfalz"]
[PlyCount "112"]
[WhiteFideId "16210735"]
[BlackFideId "12988014"]
[EventCountry "GER"]
[EventRounds "7"]
[EventType "team-swiss"]
[EventDate "2015.10.02"]

1. e4 g6 2. Nf3 Bg7 3. d3 c6 4. g3 d5 5. Nbd2 Bg4 6. Bg2 e5 7. O-O Nh6 8. Re1
f6 9. Nf1 Nf7 10. exd5 cxd5 11. Ne3 Bxf3 12. Qxf3 O-O 13. Qxd5 Qxd5 14. Nxd5
Nc6 15. Bd2 Rac8 16. c3 Rfe8 17. Rad1 Ne7 18. Nxe7+ Rxe7 19. Bc1 b6 20. f4 Ree8
21. Kf2 Nh6 22. h3 Nf5 23. g4 Nd6 24. Bd5+ Kf8 25. Kg3 f5 26. fxe5 Bxe5+ 27.
Bf4 Bxf4+ 28. Kxf4 g5+ 29. Kxg5 fxg4 30. Rf1+ Ke7 31. Rde1+ Kd7 32. hxg4 Rxe1
33. Rxe1 Rc5 34. c4 b5 35. b3 bxc4 36. dxc4 a5 37. Kh6 Nc8 38. Be6+ Kd8 39.
Bxc8 Kxc8 40. Kxh7 Rg5 41. Rg1 Kd7 42. Kh6 Rg8 43. g5 Re8 44. g6 Re6 45. Kh7
Re7+ 46. g7 Kc6 47. Kh8 Re8+ 48. g8=Q Rxg8+ 49. Kxg8 Kc5 50. Rg5+ Kb4 51. Rb5+
Ka3 52. c5 Kb2 53. c6 Ka3 54. c7 Kxa2 55. Rxa5+ Kxb3 56. Rb5+ Ka3 1-0

[Event "Deutsche Ländermeisterschaft 2015"]
[Site "Hannover GER"]
[Date "2015.10.07"]
[Round "7"]
[White "Powierski, Emil"]
[Black "Noe, Christopher"]
[Result "0-1"]
[Termination "normal"]
[Board "3.1"]
[BlackTitle "FM"]
[WhiteElo "2278"]
[BlackElo "2407"]
[WhiteClock "00:00:33"]
[BlackClock "00:24:42"]
[WhiteTeam "Schleswig-Holstein"]
[BlackTeam "Baden 1"]
[PlyCount "60"]
[WhiteFideId "4656199"]
[BlackFideId "24692018"]
[EventCountry "GER"]
[EventRounds "7"]
[EventType "team-swiss"]
[EventDate "2015.10.02"]

1. e4 c5 2. Nf3 d6 3. d4 cxd4 4. Nxd4 Nf6 5. Nc3 a6 6. Be3 e6 7. Be2 Qc7 8. f4
b5 9. Bf3 b4 10. Nce2 Bb7 11. Ng3 Nbd7 12. O-O Nc5 13. e5 dxe5 14. Bxb7 Nxb7
15. fxe5 Qxe5 16. Qf3 Qd5 17. Qf2 Bc5 18. Rad1 O-O 19. Nb3 Bxe3 20. Qxe3 Qb5
21. a4 bxa3 22. c4 Ng4 23. Qd4 Qxb3 24. Qxg4 Qe3+ 25. Kh1 f5 26. Qh4 axb2 27.
Rd7 Nc5 28. Rxg7+ Kxg7 29. Qe7+ Kh8 30. Nh5 Qd4 0-1

[Event "Deutsche Ländermeisterschaft 2015"]
[Site "Hannover GER"]
[Date "2015.10.07"]
[Round "7"]
[White "Ruff, Maximilian"]
[Black "Krause, Benedict"]
[Result "0-1"]
[Termination "normal"]
[Board "3.2"]
[WhiteTitle "FM"]
[BlackTitle "FM"]
[WhiteElo "2318"]
[BlackElo "2289"]
[WhiteClock "00:13:10"]
[BlackClock "00:13:39"]
[WhiteTeam "Baden 1"]
[BlackTeam "Schleswig-Holstein"]
[PlyCount "80"]
[WhiteFideId "1271670"]
[BlackFideId "12917990"]
[EventCountry "GER"]
[EventRounds "7"]
[EventType "team-swiss"]
[EventDate "2015.10.02"]

1. e4 c5 2. Nf3 e6 3. c4 Nc6 4. Nc3 e5 5. Bd3 d6 6. Bc2 Be7 7. a3 Nf6 8. Rb1 a5
9. Nd5 O-O 10. h3 Nxd5 11. cxd5 Nd4 12. O-O Nxc2 13. Qxc2 f5 14. d3 fxe4 15.
dxe4 Rxf3 16. gxf3 Bxh3 17. f4 Bxf1 18. Kxf1 exf4 19. Bxf4 Qd7 20. Qd3 Rf8 21.
Bg3 Qh3+ 22. Kg1 h5 23. Qf1 Qg4 24. Qg2 Rf6 25. Bh2 Rg6 26. Qxg4 Rxg4+ 27. Kf1
Rxe4 28. Rd1 Kf7 29. Rd2 b5 30. Kg2 Kg6 31. Kf3 Rd4 32. Rxd4 cxd4 33. Ke4 Kg5
34. Kxd4 Kg4 35. Ke4 Kh3 36. Bf4 g5 37. Bd2 Kg2 38. f4 g4 39. Kf5 h4 40. Kxg4
h3 0-1

[Event "Deutsche Ländermeisterschaft 2015"]
[Site "Hannover GER"]
[Date "2015.10.07"]
[Round "7"]
[White "Kololli, Martin"]
[Black "Gschnitzer, Adrian"]
[Result "1-0"]
[Termination "normal"]
[Board "3.3"]
[WhiteElo "2158"]
[BlackElo "2116"]
[WhiteClock "00:05:34"]
[BlackClock "00:05:44"]
[WhiteTeam "Schleswig-Holstein"]
[BlackTeam "Baden 1"]
[PlyCount "113"]
[WhiteFideId "12936910"]
[BlackFideId "1270337"]
[EventCountry "GER"]
[EventRounds "7"]
[EventType "team-swiss"]
[EventDate "2015.10.02"]

1. e4 c5 2. c3 d5 3. exd5 Qxd5 4. d4 Nc6 5. Nf3 Bf5 6. Be3 Nf6 7. Na3 e6 8. Be2
a6 9. Nc4 cxd4 10. Nxd4 Nxd4 11. Bxd4 Rd8 12. Ne3 Qa5 13. Nxf5 Qxf5 14. Qa4+
Rd7 15. O-O Bd6 16. Rad1 e5 17. Be3 O-O 18. Qa5 Ng4 19. Bc5 Bxc5 20. Qxc5 Nf6
21. Rxd7 Qxd7 22. Rd1 Qa4 23. Qb6 Qc2 24. Kf1 Qe4 25. Bf3 Qc4+ 26. Be2 Qe4 27.
Bd3 Qf4 28. h3 e4 29. Qd4 Nh5 30. Bc2 f5 31. Qd5+ Kh8 32. Qd6 Qxd6 33. Rxd6 Nf6
34. Bb3 h6 35. Rb6 Rb8 36. Be6 f4 37. Bb3 Kh7 38. Bc2 Kg8 39. Rb4 Rd8 40. Bb3+
Kh7 41. Ke2 b5 42. a4 bxa4 43. Bxa4 Rd5 44. Bc2 g6 45. Rb7+ Kh8 46. Rb6 Kg7 47.
Rxa6 Rb5 48. b4 Rg5 49. Ra7+ Kh8 50. c4 e3 51. Kf3 Re5 52. Bd3 g5 53. Ra2 Kg7
54. Re2 Nd5 55. cxd5 Rxd5 56. Ke4 exf2 57. Rxf2 1-0

[Event "Deutsche Ländermeisterschaft 2015"]
[Site "Hannover GER"]
[Date "2015.10.07"]
[Round "7"]
[White "Wiesner, Paula"]
[Black "Rieß, Alexander"]
[Result "1/2-1/2"]
[Termination "normal"]
[Board "3.4"]
[WhiteElo "2103"]
[BlackElo "2252"]
[WhiteClock "00:37:50"]
[BlackClock "00:32:19"]
[WhiteTeam "Baden 1"]
[BlackTeam "Schleswig-Holstein"]
[PlyCount "61"]
[WhiteFideId "24654019"]
[BlackFideId "12953326"]
[EventCountry "GER"]
[EventRounds "7"]
[EventType "team-swiss"]
[EventDate "2015.10.02"]

1. e4 e6 2. d3 d5 3. Nc3 c5 4. g3 Nc6 5. Bg2 Nf6 6. Nf3 Be7 7. O-O O-O 8. exd5
exd5 9. d4 Bg4 10. dxc5 Bxc5 11. Bg5 d4 12. Bxf6 Qxf6 13. Ne4 Qe7 14. Nxc5 Qxc5
15. Qd2 Qb6 16. c3 dxc3 17. Qxc3 Rac8 18. Qa3 Bxf3 19. Qxf3 Qxb2 20. Rab1 Qxa2
21. Rxb7 Qa6 22. Rfb1 Nd4 23. Qe3 Rcd8 24. Qe7 Rde8 25. Qc5 Ne6 26. Qxa7 Qxa7
27. Rxa7 Rb8 28. Rxb8 Rxb8 29. Ra8 Rxa8 30. Bxa8 Kf8 31. Kg2 1/2-1/2

[Event "Deutsche Ländermeisterschaft 2015"]
[Site "Hannover GER"]
[Date "2015.10.07"]
[Round "7"]
[White "Kopylov, Daniel"]
[Black "Färber, David"]
[Result "0-1"]
[Termination "normal"]
[Board "3.5"]
[WhiteElo "1931"]
[BlackElo "2021"]
[WhiteClock "00:00:38"]
[BlackClock "00:30:56"]
[WhiteTeam "Schleswig-Holstein"]
[BlackTeam "Baden 1"]
[PlyCount "54"]
[WhiteFideId "12921971"]
[BlackFideId "12971294"]
[EventCountry "GER"]
[EventRounds "7"]
[EventType "team-swiss"]
[EventDate "2015.10.02"]

1. e4 c5 2. Nf3 Nc6 3. d4 cxd4 4. Nxd4 e5 5. Nb5 d6 6. N1c3 a6 7. Na3 b5 8. Nd5
Nce7 9. Bg5 Rb8 10. c3 Be6 11. Nc2 h6 12. Bxe7 Nxe7 13. Nce3 Nxd5 14. Nxd5 Be7
15. Be2 O-O 16. Bg4 Bg5 17. g3 Qd7 18. Bxe6 fxe6 19. h4 Bd8 20. Ne3 Bb6 21. Qd3
Rf3 22. O-O-O Rd8 23. Rh3 Qf7 24. a4 d5 25. Qe2 Rxf2 26. Qe1 Qf3 27. Rd3 Re2
0-1